00329nam a2200133Ia 4500008004100000020001800041041001200059100001600071245004500087250000900132260003100141300000900172650001400181221030s9999 xx 000 0 und d a9789391211134 aEnglish aD. F. Mulla 0aMulla Hindu Law 24th Ed.cby D. F. Mulla a24th bLexis NexisaGurgaonc2022 a1562 aHindu Law